zpět

Detail výsledku týmu

Chicago Bar & Grill ÚT, Liberec

Datum a čas kvízu

21 Celkem bodů Celkový počet nahraných bodů na tomto kvízu bez doplňovacích otázek.
9. Pořadí na kvízu Konečné umístění týmu na tomto kvízu.

Zaznamenané odpovědi

# Otázka Odpověď Body Výsledky
1. Někteří senátoři chtějí ve Va... lavička s popelníkem 1
2. Saúdskoarabský korunní princ M... Jeff Bezos 1
3. V pondělí jsme zažili údajně n... Blue Monday 0
4. Do švýcarského městečka Davos... Světové ekonomické fórum (WEF) 0
5. Jak se jmenuje český krasobrus... Michal Březina 1
6. Jelikož se o ostrovech zmiňuje... D) zaťatou pěst se vztyčeným ukazováčkem 0
7. Nyní se podíváme na souostroví... Země Františka Josefa 0
8. Za jistou formu "ostrova" se d... B C 0.5
9. Ostrovid je druhové jméno jist... rys 1
10. Jak se jmenoval německý patolo... Paul Langerhans 0